| 000 | 00770nam a2200229Ia 4500 | ||
|---|---|---|---|
| 003 | OSt | ||
| 005 | 20220923220328.0 | ||
| 006 | a|||||r|||| 00| 0 | ||
| 007 | ta | ||
| 008 | 220922b |||||||| |||| 00| 0 hin d | ||
| 024 | _a186,004 | ||
| 037 | _cTextual | ||
| 040 |
_aARTS _cARTS _bhin |
||
| 041 |
_2hin _ahin |
||
| 082 | _aY31:1.2.N7, L3 | ||
| 100 | _aरेडफील्ड, रोबर्ट | ||
| 245 | 0 | _aकृषक समाज तथा कृषक संस्कृति | |
| 246 | _aKṛuṣhak samāj tathā kṛuṣhak sanskṛuti | ||
| 260 |
_aजयपुर _b राजपाल एण्ड संस _c1973 |
||
| 942 |
_hY31:1.2.N7, L3 _cTEXL _2CC |
||
| 999 |
_c339249 _d339249 |
||